• ҳ
  • ݽ
  • ֪ͨ
  • ݲؼ
  • Դ
  • ߵ
  • οѯ
  • ҵͼ
  • ¼
  • ڿϸʾ
  • ֿʾ
  • ϶ʾ
  • ƪĿϢʾ

ڿϢ

  • 表格格式
  • 工作单格式
  • 卡片格式
索取号 
Z6/HARPER'S
题名 
HARPER'S
作者 
分册号 
分册名 
出版地 
NEW YORK
出版者 
HARPER'S MAGAZINE FOUNDATION
标准刊号 
0017-789X
出版频率 
¿
中图法分类 
Z6
主题词 
ڿ; ; ; ֽ; 챨
电子资源 
000 00583nas0 2200229 45
001 0757599859
005 20070416160324.79
011    @a0017-789X
100    @a20070416d km y0chiy0120 ea
101 0  @aeng
200 1  @aHARPER'S
207    @aHarper's Magazine is owned and published monthly by the Harper's Magazine Foundation.
210    @aNEW YORK@cHARPER'S MAGAZINE FOUNDATION
326    @a¿
606 0  @aڿ
606 0  @a
606 0  @a
606 0  @aֽ
606 0  @a챨
690    @aZ6@v4
801  0 @aCN@bPFT@c20070416
905    @aTJWY@dZ6@eHARPER'S
    
    HARPER'S.-Harper's Magazine is owned and published monthly by the Harper's Magazine Foundation.-NEW YORKHARPER'S MAGAZINE FOUNDATION
    
    
    
    ISSN 0017-789X
    
●
相关链接: 在易读查询期刊 在中国知网中查询期刊 在万方数据查询期刊 在维普查询期刊
ɽʦѧԺͼ 欢迎您!
大连网信软件有限公司© 版权所有